Yo, Embajador de Alemania / (Record no. 123546)

MARC details
000 -LEADER
campo de control de longitud fija 00622nam a2200205 4500
001 - NÚMERO DE CONTROL
campo de control 123546
003 - IDENTIFICADOR DE NÚMERO DE CONTROL
campo de control ES-MaACL
007 - CAMPO FIJO DE DESCRIPCIÓN FÍSICA--INFORMACIÓN GENERAL
campo de control de longitud fija t|
008 - DATOS DE LONGITUD FIJA--INFORMACIÓN GENERAL
campo de control de longitud fija 070214s1954 sp r ||||1| spa d
100 1# - ENTRADA PRINCIPAL--NOMBRE DE PERSONA
Nombre de persona Rahn, Rudolf.
9 (RLIN) 95010
245 10 - MENCIÓN DEL TÍTULO
Título Yo, Embajador de Alemania /
Mención de responsabilidad, etc. Rudolf Rahn ; versión española de Arturo Rajul Martínez.
250 ## - MENCION DE EDICION
Mención de edición 1ª ed.
260 ## - PUBLICACIÓN, DISTRIBUCIÓN, ETC.
Lugar de publicación, distribución, etc. Barcelona :
Nombre del editor, distribuidor, etc. Luis de Caralt,
Fecha de publicación, distribución, etc. 1954.
300 ## - DESCRIPCIÓN FÍSICA
Extensión 340 p. ;
Dimensiones 20 cm.
490 1# - MENCIÓN DE SERIE
Mención de serie La vida vivida
700 1# - ENTRADA AGREGADA--NOMBRE PERSONAL
Nombre de persona Rajul Martínez, Arturo.
9 (RLIN) 95046
830 03 - PUNTO DE ACCESO ADICIONAL DE SERIE-TÍTULO UNIFORME
Título uniforme La vida vivida
9 (RLIN) 180877
852 ## - LOCALIZACIÓN
Ubicación ES-MaACL
Número de control de estantería C-8787
Sublocalización o colección R.36573
Holdings
Estatus retirado Estado de pérdida Estado de daño No para préstamo Biblioteca de origen Biblioteca actual Ubicación en estantería Fecha de adquisición Fuente de adquisición Total de préstamos Signatura topográfica completa Código de barras Visto por última vez Precio de reemplazo Tipo de ítem Koha
        Biblioteca del Ateneo de Madrid Biblioteca del Ateneo de Madrid Sala Palomar 17/01/2008     C-8787 1128722 23/02/2023 23/02/2023 Libro impreso